000 00196 a2200085 4500
020 _a 9788957704790
100 _aHyun
245 _aDetail + Interior + Architecture Vol 8
260 _bArchiworld
_c2013
999 _c13517
_d13517